Тесты по русскому языку: В2, Открытые экзаменационные материалы СПбГУ
| Other Authors: | , , , , , , , |
|---|---|
| Summary: | Книга не входит в премиум-версию платформы «Русский как иностранный». Серия «ТРКИ — на 100%» включает в себя варианты тестов всех уровней. Контрольные материалы были разработаны тестологами Центра языкового тестирования Санкт-Петербургского государственного университета и ранее использовались на экзаменационных сессиях. Данный выпуск предназначен для тех, кто изучает русский язык и планирует пройти тестирование по русскому языку как иностранному (ТРКИ) на уровень ТРКИ-II/B2, а также для преподавателей, осуществляющих подготовку к этим экзаменам. Гарантированный срок размещения на платформе до 01.07.2026 (автопролонгация) |
| Published: |
Санкт-Петербург, Златоуст, 2021
|
| Edition: | Тесты по русскому языку: В2 |
| Subjects: | |
| Online Access: | Перейти к просмотру издания |
| Format: | MixedMaterials Electronic |
MARC
| LEADER | 00000 a2200000 4500 | ||
|---|---|---|---|
| 001 | RU/ROS-EDU.RU/118871 | ||
| 856 | 4 | |u https://www.ros-edu.ru/book?id=118871 |z Перейти к просмотру издания | |
| 010 | |a 978-5-907123-62-5 | ||
| 205 | |a Тесты по русскому языку: В2 |b 2026-07-01 | ||
| 333 | |a Гарантированный срок размещения на платформе до 01.07.2026 (автопролонгация) | ||
| 100 | |a 20210101d2021 |||y0rusy0250 |s 2026-07-01 | ||
| 105 | |a y z 000zy | ||
| 101 | 0 | |a rus | |
| 102 | |a RU | ||
| 200 | 1 | |a Тесты по русскому языку: В2 |b Электронный ресурс |e Открытые экзаменационные материалы СПбГУ |f Д. В. Виноградов [и др.] | |
| 701 | 1 | |b Д. В. |a Виноградов |4 070 | |
| 701 | 1 | |b Л. П. |a Клобукова |4 070 | |
| 701 | 1 | |b И. А. |a Гончар |4 070 | |
| 701 | 1 | |b И. Н. |a Ерофеева |4 070 | |
| 701 | 1 | |b Д. В. |a Колесова |4 070 | |
| 701 | 1 | |b К. А. |a Рогова |4 070 | |
| 701 | 1 | |b О. В. |a Хорохордина |4 070 | |
| 701 | 1 | |b Т. И. |a Попова |4 070 | |
| 330 | |a Серия «ТРКИ — на 100%» включает в себя варианты тестов всех уровней. Контрольные материалы были разработаны тестологами Центра языкового тестирования Санкт-Петербургского государственного университета и ранее использовались на экзаменационных сессиях. Данный выпуск предназначен для тех, кто изучает русский язык и планирует пройти тестирование по русскому языку как иностранному (ТРКИ) на уровень ТРКИ-II/B2, а также для преподавателей, осуществляющих подготовку к этим экзаменам. | ||
| 210 | |a Санкт-Петербург |c Златоуст |d 2021 | ||
| 610 | 1 | |a русский язык | |
| 610 | 1 | |a тест | |
| 610 | 1 | |a русский как иностранный | |
| 675 | |a 811.161 | ||
| 686 | |a 81.2 |2 rubbk | ||
| 300 | |a Книга не входит в премиум-версию платформы «Русский как иностранный». | ||
| 215 | |a 156 с. | ||